| 000 | 00693nam a2200229 i 4500 | ||
|---|---|---|---|
| 001 | bg | ||
| 245 | 0 | 0 |
_aThemen neu 1 : _bLehrwerk für Deutsch als Fremdsprache : Kursbuch / _cvon Hartmut Aufderstrasse [et al.]. |
| 260 |
_aIsmaning : _bMax Hueber Verl., _c1997. |
||
| 300 |
_a160 s. : _bil. kolor. ; _c24 cm + _e2 taśmy dźw. |
||
| 490 | 1 | _aHueber Sprachen der Welt | |
| 650 | 9 | _aJęzyk niemiecki | |
| 655 | _aPodręczniki | ||
| 700 | 1 | _aAUFDERSTRAßE, Hartmut. | |
| 830 | _aHueber Sprachen der Welt | ||
| 020 | _a319001521X | ||
| 040 | _cBPK | ||
| 041 | 0 | _ade | |
| 080 | _a811.112.2(075.8) | ||
| 920 | _a3-19-001521-X | ||
| 942 | _cKS | ||
| 008 | s pl f |000 0 pol | ||
| 999 |
_c31816 _d31816 |
||
| 856 |
_uhttp://koha.tu.koszalin.pl/cgi-bin/koha/opac-detail.pl?biblionumber=31816 _yKatalog online BPK |
||